01911 2200241 4500001002100000005001500021035002000036245009100056100001900147300002600166700002500192260003000217082001400247084002000261020002200281650003000303650003300333520120500366008004101571990001901612990001901631990001901650INLIS00000000001455620250122093535 a0010-01250000131 aSurau :bPendidikan Islam tradisional dalam transisi dan modernisasi /cAzyumardi Azra0 aAzyumardi Azra axlv, 148 hlm.; 21 cm.0 aIdris Thaha (editor) aJakarta :bKencana,c2017 a297.734 1 a297.734 1 AZY s a978-602-422-148-5 aPesantren - Sumatra Barat aDakwah Islam - Sumatra Barat aSurau, sebagai lembaga pendidikan Islam di Minangkabau, Sumatra Barat, tetap menjadi bagian integral dari collective memory orang-orang Minang secara kesel uruhan. Wacana tentang surau tetap hadir dalam masyarakat Minang, baik di ranah Minangsendiri maupun di rantau. Pembicaraan tentang surau semakin menghangat ketika program otonomisasi daerah mulai diterapkan. Surau, dalam konteks otonomisasi, dipercaya masyarakat Minang dapat membangkitkan batang tarandam, yakni rnelahirkan ulama-ulama besar, seperti pernah dihasilkan surau di masa silam. Buku ini ingin melihat viabilitas surau di tengah ekspansi pesantren di Sumatra Barat—yang sebenarnya telah tumbuh dan berkembang pesat di Pulau Jawa, dalam dasawarsa terakhir. Untuk memperkaya tema bahasan, dalam buku ini juga disertakan makalah-mal